000 01570cam a22004214i 4500
003 PE-LiUPU
005 20250731172857.0
008 150623s1971 cau r 000 0 eng d
020 _a0830700129
035 _a(Sirsi) i9780802842831
040 _aPE-LiUPU
_bspa
_cPE-LiUPU
_erda
049 _aPRUA
082 0 4 _a232.901
_bV64
_221
100 1 _aVigeveno, H. S.,
_eautor.
245 1 4 _aJesus the revolutionary /
_cH. S. Vigeveno.
264 1 _aCalifornia :
_bRegal Book Division,
_c1971.
300 _a199 páginas ;
_c18 centímetros
336 _atext
_2rdacontent
337 _aunmediated
_2rdamedia
338 _avolume
_2rdacarrier
505 0 _aThe revolutionary Jesus -- The unconquerable Jesus -- The challenging Jesus -- The compassionate Jesus -- The commeding Jesus -- The calling Jesus -- The powerful Jesus -- The questioning Jesus -- The praying Jesus -- The disturbing Jesus -- The fearless Jesus -- The humble Jesus -- The crucified Jesus -- The living Jesus -- The knocking Jesus -- The compelling Jesus.
526 _aSEG42
526 _aSEG41
526 _aSEG40
526 _aSEG39
526 _aP94
526 _aP87
526 _aP86
526 _aP85
526 _aP77
526 _aP76
526 _aP35
942 _2ddc
_cBOOK
994 _aC0
_bPEPRU
596 _a1
999 _a232.901 V64
_wDEWEY
_c13156
_i75263
_f2021-11-11
_g6
_lCCODEBUL1
_mBUL
_r0
_sY
_tBOOK
_u2016-10-17
_xTEOLOGIA
_PP35
_0COMPRA
_o.STAFF. Colección TEOLOGIA
_d13156
980 _81
_gALBERTO SANCHEZ Responsable de Automatización